000 00988nas a2200241Ia 4500
001 R406/38361
003 IT-RoPAU
008 151124c99999999xx |||||||||||| ||und||
040 _aIT-RoPAU
040 _cIT-RoPAU
041 _aITALIANO
100 _aCostantini Claudio
_gCodice Aut. SPICS: 18175
210 _aINFORMATICA MUSICALE
222 _aInformatica Musicale
245 _aQUADERNI DI INFORMATICA MUSICALE (STUDIO SON. C.E.VARESE)
_bAudioterapia Computazionale. Linee Programmatiche Teoriche
250 _a1a ed.
260 _aPESCARA
_bSTUDIO DI SONOLOGIA COMP. E.V.
501 _bPaulus - SPICS - Società San Paolo EM (non-commercial uses only)
_cCopyright2015
300 _a13 p. [27-39]
500 _aEd Operative con Esemplificazioni nel Modello Psicosomatico Audioterapia-Computazionale Definizione-Degli-Obiettivi Ideazione-Delle-Metodiche-Operative Criteri-Di-Valutazione La-Riuscita Bibliografia
650 _aMUSICA
_vPUBBLICAZIONE PERIODICA
942 _cCR
999 _c205372
_d205372